zpět

Detail výsledku týmu

U Pošty - Vinohrady ÚT, Praha

Datum a čas kvízu

24 Celkem bodů Celkový počet nahraných bodů na tomto kvízu bez doplňovacích otázek.
11. Pořadí na kvízu Konečné umístění týmu na tomto kvízu.

Zaznamenané odpovědi

# Otázka Odpověď Body Výsledky
1. Který český politik zveřejnil... Vít Rakušan 0
2. Správci pozůstalosti nedávno z... Sinéad O'Connor 1
3. V sobotu se v pražském Rudolfi... Přišla v noci, Bratři 0
4. Ve středu vstoupila na český t... Partners 1
5. Do kterého týmu minulý týden v... Vegas Golden Knights 0
6. Začneme prvním českým králem p... Přemysl Otakar II., 1278 0.5
7. Další „slavnou“ prohrou, která... ve Francii 0
8. V bitvě u Lipan, kterou řadí m... Jan Roháč (z Dubé) 0
9. Bitva na Bílé hoře zpečetila o... listopad 1620 0
10. Mnichovská dohoda je typickým... appeasement 1